|
|
|
|
| LEADER |
00000nab a2200000ua 4500 |
| 001 |
vtls010757304 |
| 003 |
SK-MaSNL |
| 005 |
20260304202125.0 |
| 008 |
250718s2012 xo |||||||||||||||||slo| |
| 035 |
|
|
|a (urnnbn)urn:nbn:sk:snk:ar-a018xz
|
| 035 |
|
|
|a (uuid)0ead71ee-7dac-45bb-a85b-59a48a80ac7b
|
| 035 |
|
|
|a urn:nbn:sk:snk-ab4dhm
|
| 040 |
|
|
|a SNKBUCL
|b slo
|c SNKBUCL
|e AACR2
|
| 041 |
0 |
|
|a hun
|
| 044 |
|
|
|a xo
|c SK
|
| 100 |
1 |
|
|a NYERGES GÁBOR ÁDÁM
|4 aut
|9 1534069
|
| 245 |
1 |
0 |
|a Nem ad írt
|c Nyerges Gábor Ádám
|
| 773 |
0 |
|
|t Kalligram : művészet és gondolat
|g Roč. 21, č. 5 (2012), s. 32
|
| 850 |
|
|
|a Slovenská národná knižnica
|
| 852 |
|
|
|a Slovenská národná knižnica
|
| 958 |
|
|
|a article3
|
| 958 |
|
|
|a OND
|
| 999 |
|
|
|c 3100713
|d 3102643
|